O senhor Pechincha | O Bonifácio (Registo nº 3980)
[ vista simples ]
| 000 -Etiqueta do registo | |
|---|---|
| Cabeçalho | 00826nam0a2200277 4500 |
| 005 - Identificador da versão | |
| Campo de controlo | 20240813122049.0 |
| 095 ## - | |
| -- | PTBN00476822 |
| 010 ## - Número internacional normalizado dos livros (ISBN) | |
| Número (ISBN) | 9723602873 |
| 021 ## - Número do Depósito Legal | |
| Código do país | PT |
| Número | 54829/92 |
| 100 ## - Dados gerais de processamento | |
| Dados gerais de processamento | 20181113d1993 a y0pory5003 ba |
| 102 ## - Pais de publicação ou produção | |
| País de publicação | Portugal |
| 101 0# - Língua de publicação | |
| Língua do texto, banda sonora, etc. | Português |
| 215 ## - Descrição física | |
| Indicação específica da natureza do documento e extensão da espécie | 45, [2] p. |
| Outras indicações físicas | muito il. color |
| 200 1# - Titulo e menção de responsabilidade | |
| Título próprio | O senhor Pechincha |
| -- | O Bonifácio |
| Primeira menção de responsabilidade | Ilse Losa |
| Outras menções de responsabilidade | il. António Lucena |
| 225 1# - Colecção | |
| Título próprio da colecção | Tretas e letras |
| Indicação de volume | 24 |
| 210 ## - Publicação, Distribuição, etc. | |
| Lugar da edição, distribuição, etc. | Porto |
| Nome do editor, distribuidor, etc. | Afrontamento |
| Data da publicação, distribuição, etc. | cop. 1993 |
| 517 ## - Outras variantes do título | |
| Variant Title | <O >senhor Pechincha seguido de O Bonifácio |
| 606 ## - Nome comum usado como assunto | |
| Número de registo de entrada de autoridade | 0001335 |
| Palavra de ordem | Literatura portuguesa |
| Subdivisão de assunto | Conto |
| Código do sistema | CA |
| 675 ## - Classificação Decimal Universal (CDU) | |
| Notação | 821.134.3-34 |
| Edição | 3ª ed. |
| Língua da edição | por |
| 702 #1 - Nome de autor-pessoa física (responsabilidade secundária) | |
| Número de registo de entrada de autoridade | 0000455 |
| Palavra de ordem | Lucena |
| Outra parte do nome não tomada para palavra de ordem | António |
| Código de função | Ilustrador / Técnico de desenho computorizado |
| 700 #1 - Nome de autor-pessoa física (responsabilidade principal) | |
| Número de registo de entrada de autoridade | 0000349 |
| Palavra de ordem | Losa |
| Outra parte do nome não tomada para palavra de ordem | Ilse |
| Datas | 1913-2006 |
| 966 ## - Identificação da Biblioteca | |
| Sigla | EBVEN |
| 942 ## - Elementos de entrada adicionados (Koha) | |
| Tipo de item no Koha | Livro |
| Situação do levantamento | Origin of item (home branch) (coded) | Biblioteca de empréstimo | Código de barras | Cota | Circulation type (not for loan) | Tipo de documento | Nota do exemplar | Damaged status |
|---|---|---|---|---|---|---|---|---|
| Biblioteca Escolar das Vendas | Biblioteca Escolar das Vendas | BEV336 | 8POR LOS | Livro | Sem mensagem |
